Normal view
MARC view
- Electrical Engineering - MS theses.
Entry Topical Term
001 - CONTROL NUMBER
- control field: 26977
003 - CONTROL NUMBER IDENTIFIER
- control field: NUST
005 - DATE AND TIME OF LATEST TRANSACTION
- control field: 20191214203646.0
008 - FIXED-LENGTH DATA ELEMENTS
- fixed length control field: 191214|| aca||aabn | a|a d
040 ## - CATALOGING SOURCE
- Original cataloging agency: NUST
- Transcribing agency: NUST
150 ## - HEADING--TOPICAL TERM
- Topical term or geographic name entry element: Electrical Engineering - MS theses.
670 ## - SOURCE DATA FOUND
- Source citation: Work cat.: (NUST): Hassan, Syed Fahad 26976, Time critical Industrial IoT: Cross-Layer design for Prioritized and Multi-hop Medium Access /, 2018.
